header

Overcoming the trauma of your motor vehicle accident (Record no. 7540)

MARC details
000 -LEADER
fixed length control field 01585nam a2200373Ia 4500
001 - CONTROL NUMBER
control field ebr10271687
003 - CONTROL NUMBER IDENTIFIER
control field CaPaEBR
006 - FIXED-LENGTH DATA ELEMENTS--ADDITIONAL MATERIAL CHARACTERISTICS--GENERAL INFORMATION
fixed length control field m u
007 - PHYSICAL DESCRIPTION FIXED FIELD--GENERAL INFORMATION
fixed length control field cr cn|||||||||
008 - FIXED-LENGTH DATA ELEMENTS--GENERAL INFORMATION
fixed length control field 060112s2006 enka sb 000 0 eng d
010 ## - LIBRARY OF CONGRESS CONTROL NUMBER
Canceled/invalid LC control number 2006000898
020 ## - INTERNATIONAL STANDARD BOOK NUMBER
Cancelled/invalid ISBN 0195306058 (hdbk. : alk. paper)
Cancelled/invalid ISBN 0195306066 (pbk. : alk. paper)
Cancelled/invalid ISBN 9780195306057
Cancelled/invalid ISBN 9780195306064
040 ## - CATALOGING SOURCE
Original cataloging agency CaPaEBR
Transcribing agency CaPaEBR
035 ## - SYSTEM CONTROL NUMBER
System control number (OCoLC)76917074
050 14 - LIBRARY OF CONGRESS CALL NUMBER
Classification number RC1045.P78
Item number H532 2006eb
100 1# - MAIN ENTRY--PERSONAL NAME
Personal name Hickling, Edward J.
245 10 - TITLE STATEMENT
Title Overcoming the trauma of your motor vehicle accident
Medium [electronic resource] :
Remainder of title a cognitive-behavioral treatment program, therapist guide /
Statement of responsibility, etc Edward J. Hickling, Edward B. Blanchard.
260 ## - PUBLICATION, DISTRIBUTION, ETC. (IMPRINT)
Place of publication, distribution, etc Oxford ;
-- New York :
Name of publisher, distributor, etc Oxford University Press,
Date of publication, distribution, etc 2006.
300 ## - PHYSICAL DESCRIPTION
Extent vi, 92 p. :
Other physical details ill.
490 1# - SERIES STATEMENT
Series statement Treatments that work
504 ## - BIBLIOGRAPHY, ETC. NOTE
Bibliography, etc Includes bibliographical references (p. 87-90).
533 ## - REPRODUCTION NOTE
Type of reproduction Electronic reproduction.
Place of reproduction Palo Alto, Calif. :
Agency responsible for reproduction ebrary,
Date of reproduction 2011.
Note about reproduction Available via World Wide Web.
-- Access may be limited to ebrary affiliated libraries.
650 #0 - SUBJECT ADDED ENTRY--TOPICAL TERM
Topical term or geographic name as entry element Traffic accident victims
General subdivision Rehabilitation
Form subdivision Problems, exercises, etc.
Topical term or geographic name as entry element Cognitive therapy
Form subdivision Problems, exercises, etc.
Topical term or geographic name as entry element Traffic accidents
General subdivision Psychological aspects.
655 #7 - INDEX TERM--GENRE/FORM
Genre/form data or focus term Electronic books.
Source of term local
700 1# - ADDED ENTRY--PERSONAL NAME
Personal name Blanchard, Edward B.
710 2# - ADDED ENTRY--CORPORATE NAME
Corporate name or jurisdiction name as entry element ebrary, Inc.
830 #0 - SERIES ADDED ENTRY--UNIFORM TITLE
Uniform title Treatments that work.
856 40 - ELECTRONIC LOCATION AND ACCESS
Uniform Resource Identifier <a href="http://site.ebrary.com/lib/rucke/Doc?id=10271687">http://site.ebrary.com/lib/rucke/Doc?id=10271687</a>
Public note An electronic book accessible through the World Wide Web; click to view

No items available.

© 2026 Rongo University
Contact us: librarian | system librarian | Rongo university